00827nam a22002417a 450000500170000001000130001702000110003003500130004103700160005404000120007008200190008210000310010124500750013226000430020727000500025030000210030049000320032165000290035365000260038294200280040899900190043695201300045520170124110007.0 aA-581116 c111.00 aA-581116 bCen Lib/Ret aDPLbEN a343.04026bLAK aLakhotia, Ram Niwas974466 aTax planning v. tax evasion and tax avoidance /cby Ram Niwas Lakhotia aNew DelhibAsha Publishing Housec1992 aS-228, Greater Kailash-II bNew Delhie110048 a248p.c 21cm(Hb) aAsha Publication Series 256 aLaw--tax planning974467 aIncome tax law974468 2ddccENh343.04026mLAK c126262d126262 00104070aLbLd2015-06-25eCen Lib/Retg111.00l0o343.04026 LAKpA-581116r2015-06-25 00:00:00t1v111.00w2015-06-25yEN